Historia de la postal en Chile
Wedi'i Gadw mewn:
| Prif Awduron: | , , |
|---|---|
| Fformat: | Llyfr |
| Iaith: | Sbaeneg |
| Cyhoeddwyd: |
Valparaíso
Ediciones Universitarias de Valparaíso
2009
|
| Pynciau: | |
| Tagiau: |
Ychwanegu Tag
Dim Tagiau, Byddwch y cyntaf i dagio'r cofnod hwn!
|
MARC
| LEADER | 00000nam a2200000 a 4500 | ||
|---|---|---|---|
| 001 | UCH5188 | ||
| 003 | CL-VaPUC | ||
| 008 | 091008e20090000CL |||||||||||||||||spa|d | ||
| 082 | 0 | 4 | |a 769.566983 |b LEO |2 21 |
| 100 | |a León Cáceres, Samuel |e author |9 377 | ||
| 700 | 0 | |a Vergara Benítez, Fernando |e author |9 541397 | |
| 700 | 0 | |a Padilla Macías, Katya |e author |9 541398 | |
| 245 | 1 | 0 | |a Historia de la postal en Chile |
| 300 | |a 398 p | ||
| 942 | |c BK | ||
| 945 | |d 20091008 00:00:00 |a rbrito | ||
| 260 | |a Valparaíso |b Ediciones Universitarias de Valparaíso |c 2009 | ||
| 650 | 7 | |a TRAJETAS POSTALES |2 CL-VaPUC |9 541399 | |
| 650 | 0 | |a Diseño gráfico |9 266874 | |
| 650 | 0 | |a Fotografías artísticas |9 535989 | |
| 650 | 7 | |a SELLO POSTAL |2 CL-VaPUC |9 541400 | |
| 651 | 7 | |a CHILE |2 CL-VaPUC |9 541401 | |
| 583 | |a last modification |c 20091008 00:00:00 |k Rodrigo Vera | ||
| 999 | |c 336370 |d 336368 | ||
| 952 | |0 0 |1 0 |4 0 |6 769_566983000000000_LEO_2009 |7 0 |8 X |9 427593 |a FDOBUD |b FDOBUD |d 2019-11-22 |i 4604954 |o 769.566983 LEO 2009 |p 4604954 |r 2019-11-22 |w 2019-11-22 |y BK_X |k FHP | ||